Luxury World : The past, present and future of luxury brands /

Salvato in:
Dettagli Bibliografici
Autore principale: Tungate, Mark (Autore)
Natura: Libro
Lingua:inglese
Pubblicazione: London : Kogan Page, 2009
Philadelphia : 2009
Edizione:1. vydanie
Soggetti:
Tags: Aggiungi Tag
Nessun Tag, puoi essere il primo ad aggiungerne!!

MARC

LEADER 00000nam a22000003a 4500
001 0072003
003 SK-STU
005 20200120112238.8
007 ta
008 190228s ----xo-----e------000-0-----d
020 |a 978 0 7494 5263 6 
040 |a STU  |b slo 
041 0 |a eng 
044 |a xxk 
100 1 |a Tungate, Mark  |4 aut  |r Z6 
245 1 0 |a Luxury World :  |b The past, present and future of luxury brands /  |c aut. Mark Tungate 
250 |a 1. vydanie 
260 |a London :  |b Kogan Page,  |c 2009 
260 |a Philadelphia :  |b Kogan Page,  |c 2009 
300 |a 244 s. 
650 0 7 |a luxus 
650 0 7 |a manažment značky 
650 0 7 |a marketing 
650 0 7 |a auto 
650 0 7 |a motorové jachty 
650 0 7 |a vily 
996 |b 284AU07954  |c A* 11214/U  |l AAKNAR  |s A  |a 24  |w 0072003_0001